000 01914nam0a2200529 4500
001 RU\NLR\bibl\1887962
005 20250616194618.0
010 _a978-5-904090-77-7
_9600
021 _aRU
_b2012-18514
_91394
035 _a(nilc)LIBNET\0000224174
035 _a2VIL\RUSMED\0000207452
035 _a(NLR Aleph) 001877676
090 _a2747455
_c2747455
100 _a20120322d2012 |||y0rusy50 ca
101 0 _arus
102 _aRU
105 _aa |||||||||
200 1 _aБолезнь Гоше
_fЕ. А. Лукина
210 _aМосква
_cЛиттерра
_d2012
215 _a54 с.
_cил.
_d20
225 1 _aПрактические руководства
320 _aБиблиогр.: с. 53-54 (21 назв.)
606 1 _aГОШЕ БОЛЕЗНЬ
_2rus_mesh
_3R5900
606 1 _aGAUCHER DISEASE
_2rus_mesh
_3E5900
606 1 _aСпленомегалия Гоше
_jРуководства, пособия и т.п.
_91423108
_3RU\NLR\auth\66289456
686 _a76.29.37
_2rugasnti
686 _a76.29.51
_2rugasnti
686 _a76.01.33
_2rugasnti
686 _aC10.228.140.163.100.435.825.400
_v2011
_2MESH
686 _aC16.320.565.189.435.825.400
_v2011
_2MESH
686 _aC16.320.565.398.641.803.441
_v2011
_2MESH
686 _aC16.320.565.595.554.825.400
_v2011
_2MESH
686 _aC18.452.132.100.435.825.400
_v2011
_2MESH
686 _aC18.452.584.687.803.441
_v2011
_2MESH
686 _aC18.452.648.189.435.825.400
_v2011
_2MESH
686 _aC18.452.648.398.641.803.441
_v2011
_2MESH
686 _aC18.452.648.595.554.825.400
_v2011
_2MESH
686 _aР411.022.9я7
700 1 _aЛукина
_bЕ. А.
_gЕлена Алексеевна
_4070
801 0 _aRU
_bЦНМБ
_c20120322
_gPSBO
801 1 _aRU
_bЦНМБ
_c20120322
801 2 _aRU
_bЦНМБ
_c20120403
801 2 _aRU
_bNLR
_c20120404
_grcr
942 _cBOOK
980 _aNBR
980 _aNB